đź“– 150 premiers mots "Va oĂą le vent te berce" Sophie Tal Men - Statistiques

Statistiques générales
  • Ce quiz a Ă©tĂ© pris 8 fois
  • Le rĂ©sultat moyen est 71 sur 150
Statistiques - réponses
Mots % Correct
d'
100%
de
100%
des
100%
Et
100%
l'
100%
la
100%
le
100%
les
100%
s'
100%
se
100%
Ă 
83%
Anna
83%
avait
83%
Brest,
83%
elle.
83%
elle
83%
en
83%
est
83%
sa
83%
ses
83%
son
83%
Son
83%
sur
83%
un
83%
une
83%
mais
67%
par
67%
qu'
67%
qui
67%
sans
67%
si
67%
Ce
50%
comme
50%
femme
50%
jeune
50%
lui
50%
posé
50%
tout
50%
Tout
50%
autre
33%
bien
33%
ces
33%
courant,
33%
entendre,
33%
fui
33%
natale ?
33%
pied
33%
pouvoir
33%
voulait
33%
air
17%
Assise
17%
aurait
17%
bouche.
17%
breton ...
17%
doute
17%
esprit.
17%
grosse
17%
hurlé
17%
ici :
17%
jusqu'
17%
Loin
17%
ouvrir
17%
passage,
17%
"Quelle
17%
répétait
17%
restait
17%
terre
17%
valise
17%
ventre
17%
aéroport,
0%
affairer
0%
agressait
0%
ambiance
0%
autour
0%
bagages,
0%
beau
0%
bernique
0%
beurre,
0%
brûler,
0%
chariots
0%
chevilles
0%
consonnes
0%
couinement
0%
coulant
0%
Depuis
0%
désagréments
0%
douleur.
0%
embrumait
0%
étape
0%
étouffement.
0%
explosives
0%
foule
0%
futiles
0%
hagard
0%
inscriptions
0%
inverse ?
0%
jambon-
0%
musique
0%
nœud
0%
odeurs
0%
paraissaient
0%
prostrée
0%
rapport
0%
regardant
0%
renversé
0%
repartait
0%
rocher,
0%
sandwichs
0%
sens
0%
serrait
0%
suivante ?"
0%
tarmac,
0%
tirailler,
0%
Aucun quiz correspondant
Distribution des résultats
% des personnes avec chaque résultat
Percentile par nombre de réponses
Votre historique - résultats
Vous n’avez pas pris ce quiz